000 00786nam a22002417a 4500
005 20180226144239.0
010 _aENG-107512
020 _a9788122203684
_c175.00
035 _aEN-91045
035 _aB-528600-624
035 _aB-667671
037 _bDBAD/PUB
037 _bKKP/Ven
_adpl
082 _aS
100 _aAnand, Mulk Raj
245 _aThe Lost Child and other Stories /
_cby Mulk Raj Anand
260 _aNew Delhi
_bOrient Paperbacks
_c2013
270 _a5A/8 Ansari Road
_bNew Delhi
_e110002
300 _a120p.
_c22cm(pbk)
942 _2ddc
_cEN
_hS
_mANA
999 _c76447
_d76447